Capital imports and the American balance of payments, 1934-39 ; a study in abnormal international capital transfers.

Bibliographic Details
Main Author: Bloomfield, Arthur I. (Arthur Irving)
Format: Book
Language:English
Published: [Chicago] : University of Chicago Press, [1950]
Subjects:

MARC

Tag First Indicator Second Indicator Subfields
LEADER 00000cam a2200000 4500
001 in00000068868
005 20151008050845.0
008 751024s1950 ilu b 00000 eng
010 |a  50006889  
035 |a (OCoLC)01732549 
035 |9 AAG3851AM 
040 |a DLC  |c TOL  |d TOL  |d TXA  |d UtOrBLW 
049 |a TXAM  |c [180764] 
050 0 0 |a HG4910  |b .B58 
092 |a 332  |b B655c 
100 1 |a Bloomfield, Arthur I.  |q (Arthur Irving) 
245 1 0 |a Capital imports and the American balance of payments, 1934-39 ;  |b a study in abnormal international capital transfers. 
264 1 |a [Chicago] :  |b University of Chicago Press,  |c [1950] 
264 4 |c [©1950] 
300 |a xvii, 340 pages :  |b diagrams ;  |c 24 cm. 
336 |a text  |b txt  |2 rdacontent 
337 |a unmediated  |b n  |2 rdamedia 
338 |a volume  |b nc  |2 rdacarrier 
500 |a A revision and condensation of the author's doctoral dissertation, "International capital movements and the American balance of payments, 1929-40," submitted to the University of Chicago in 1942. 
504 |a Bibliography: pages 315-328. 
650 0 |a Capital. 
650 0 |a Balance of trade. 
650 0 |a Investments  |z United States. 
999 |a MARS 
999 f f |s 938186c0-4cc5-31b7-a3a3-883d764600bc  |i f5ac0eff-095f-35c3-acb3-b153277ab991  |t 0 
952 f f |p ric  |a Texas A&M University  |b Rellis Campus  |c Joint Library Facility  |d Remote Storage  |t 0  |e HG4910 .B58  |h Library of Congress classification  |i unmediated -- volume  |m A14800726043 
998 f f |a HG4910 .B58  |t 0  |l Remote Storage